00487nam a2200181 a 4500001001000000005001700010008004100027041000800068044000800076050002200084100002200106245005200128260004000180300003100220500000800251650003200259650001400291BRCA_826420190320210213.0060614s1952----nyud###f##---#000-0#eng-# aeng anyu 4aHG4651b.K56 19521 aKimber, Albert W.10aCanadian dollars bondsb1952cAlbert W. Kimber. aNueva YorkbWhite, Weld & Co.c1952 a40 p.bil., tablasc28 cm. aS1914aBonos financieroszCanadá14aDólares